Statistics for Countries by Clue Chain Game (part 1)

Click here to take the quiz!

General Stats

  • This quiz has been taken 38 times
  • The average score is 13 of 15

Answer Stats

HintAnswer% Correct
Where pizza originatedItaly
100%
Biggest Country in the WorldRussia
100%
The Southernmost Country In OceaniaNew Zealand
97%
Biggest Country In Central AmericaNicaragua
97%
Has a similar name as NigeriaNiger
94%
First Country AlphabeticallyAfghanistan
91%
Southern-Most Nordic CountryDenmark
89%
Smallest Island CountryNauru
89%
Georgia, Armenia & __________Azerbaijan
86%
Only Country with a non-rectangular flagNepal
83%
Smallest Country That Starts With the last letter of ^Antigua and Barbuda
80%
First Country to Experience New YearsKiribati
80%
Owns sovereignty over Socotra IslandYemen
80%
Other Doubly-Landlocked CountryLiechtenstein
77%
Biggest Doubly-Landlocked CountryUzbekistan
77%

Score Distribution

Percentile by Number Answered

Percent of People with Each Score

Your Score History

You have not taken this quiz